6 intrus en 30 secondes #9 - Statistiques

Statistiques générales
  • Ce quiz a été pris 80 fois
  • Le résultat moyen est 6 sur 6
Answers on the Grid
Answers color-coded by a green-red scale on the quiz's grid according to % correct below.
🌟
🌟
🌟
🌟
🌟
🌟
 
Statistiques - réponses
Réponse % Correct
🌟
96%
🌟
96%
🌟
96%
🌟
89%
🌟
89%
🌟
86%
Aucun quiz correspondant
Distribution des résultats
% des personnes avec chaque résultat
Percentile par nombre de réponses
Votre historique - résultats
Vous n’avez pas pris ce quiz